000 00804nam0a22002651 4500
001 RU\INFOCOMM_322\NLR\5000099195
005 20250613103212.0
010 _924000 экз.
_dБ. ц.
035 _a(NLR Aleph) 009461759
090 _a8471278
_c8471278
100 _a20121210d1953 |||y0rusy50 ca
101 0 _ager
102 _aRU
105 _ay z |||||
200 1 _aStatut der Kommunistischen Partei der Sowjetunion
_e(Angenommen auf dem XIX. Parteitag)
210 _aM.
_cVerl. für fremdsprachige Lit.
_d1953
215 _a31 с.
_d20 см
620 _aМосква
686 _aКПСС(19съезд)
_2rubbk
710 0 2 _aKommunistische Partei der Sowjetunion
_4070
801 1 _aRU
_bNLR
_c20121210
801 0 _aRU
_bINFOCOMM
_gPSBO
852 _aNLR
_jИп31 Г-4/81
942 _cBOOK
980 _aNB